000 00803nam a2200277Ia 4500
001 D8533
003 IT-RoPAU
008 130308s9999 xx 000 0 und d
040 _aIT-RoPAU
040 _cIT-RoPAU
041 _aITALIANO
100 _aStefani Gino
100 _gCodice Aut. SPICS: 1035
245 _aMusica colta e musica popolare nella pratica liturgica dagli anni '50 ad oggi
245 _bMusica per la Liturgia. Presupposti per una fruttuosa Interazione
250 _a1a ed.
260 _aPADOVA
260 _bMessaggero
260 _c1996 [1° Ed.:1996 - Ed.Ling.Originale:1996]
300 _a"14 p. (prefazione: no ; testo: 14 [pagine: 231-244])"
650 _aGENERI MUSICALI
650 _eCodice materia Spics: 7010
942 _cBK
957 _71
999 _c97843
_d97843
999 _g1